000 00334nam a2200145Ia 4500
005 20251222175920.0
008 251222s9999||||xx |||||||||||||| ||spa||
020 _a8408021915
082 _a813.54/C68
100 _aClancy, Tom
245 0 _aDeuda de Honor
250 _a1ra.ed.
264 _bEditorial Planeta, S.A.
942 _cLIB
999 _c40653
_d40653